000 00441nam a22001697a 4500
999 _c524438
_d524438
003 NUST
038 _awaseem
082 _a891.423
_bABS
100 _aAbbaasi, Gul Zeb
_915256
245 _aNimmaan De Rukh /
_cGul Zeb Abbaasi
260 _aLahore :
_bAkram Press,
_c2014.
300 _a144 p. ;
500 _aHardcover.
880 _6100-01\r
_a گل زیب عباسی
880 _6245-02\r
_a نماں دے رکھ /
942 _2ddc
_cBK